000 00926nam a2200265Ia 4500
003 OSt
005 20220930094818.0
006 a|||||r|||| 00| 0
007 ta
008 220926b |||||||| |||| 00| 0 hin d
020 _a9788171198993 (hbk)
_c350
024 _a20029
037 _bBR8398, 21/03/2015, Rajkamal Prakashan Pvt. Ltd.
_cTheses
040 _aCRL
_cCRL
_bhin
041 _2hin
_ahin
082 _aO152,1NGYx, P4
100 _aज्ञानेन्द्रपति
245 0 _aसंशयात्मा
246 _aSanshayātmā
260 _aनयी
_bदिल्ली राधाकृष्ण भारत
_c2004
300 _a263पृ0
_ap.
_ccm.
650 _aहिन्दी साहित्य
942 _hO152,1NGYx, P4
_cDIS
_2CC
999 _c887716
_d887716